000
00354pab a2200157 454500
008
180718b2014 xxu||||| |||| 00| 0 eng d
100
_a
Vijayan, P.K.
245
_a
An arrested story
260
_c
2014
300
_a
p.27-28.
362
_a
7 Jun
650
_a
Terrorism
773
_a
Economic and Political Weekly
908
_a
N
909
_a
104408
999
_c
104404
_d
104404